Score 0/20 Timer 06:00
0 Plays Today
% Correct
Leonardo (Teenage Mutant Ninja Turtles)/Leonardo DiCaprio
98.9%
Curious George/George Clooney
94.1%
Arnold (Hey Arnold!)/Arnold Schwarzenegger
91.9%
Danny Phantom/Danny DeVito
90.2%
Shaggy Rogers (Scooby-Doo)/Shaggy
88.5%
Christopher Robin (Winnie the Pooh)/Christopher Walken
87.5%
Ed (Ed, Edd n Eddy)/Ed Sheeran
86.2%
Peter Griffin (Family Guy)/Peter Dinklage
85.5%
Tina Belcher (Bob's Burgers)/Tina Fey
84.2%
Kim Possible/Kim Basinger
83.9%
% Correct
Jessica Rabbit (Who Framed Roger Rabbit)/Jessica Chastain
80.6%
Wanda (The Fairly OddParents)/Wanda Sykes
72%
Jane Jetson (The Jetsons)/Jane Lynch
71.3%
Raven (Teen Titans)/Raven Symone
70.4%
Jon Arbuckle (Garfield)/Jon Hamm
67.1%
Spike (Rugrats)/Spike Lee
66.4%
Carmen Sandiego (Where on Earth Is Carmen Sandiego?)/Carmen Electra
65.1%
Doug/Doug E. Fresh
64.5%
Mr. Eugene Krabs (SpongeBob SquarePants)/Eugene Levy
63.2%
Ellie Fredricksen (Up)/Ellie Kemper
42.4%
Remove Ads.
Support Sporcle.
Get the best of Sporcle when you Go Orange. This ad-free experience offers more features, more stats, and more fun while also helping to support Sporcle. Thank you for becoming a member.

You're not logged in!

Compare scores with friends on all Sporcle quizzes.
OR
Log In

Show Comments

Extras

Top Quizzes Today


Score Distribution

Your Account Isn't Verified!

In order to create a playlist on Sporcle, you need to verify the email address you used during registration. Go to your Sporcle Settings to finish the process.

Report this User

Report this user for behavior that violates our Community Guidelines.

Details: